000 00552nam a2200193Ia 4500
003 OSt
005 20250522143843.0
008 210210b1971 xxu||||| |||| 00| 0 eng d
040 _cAL
041 _aKannada
082 _aK894.3 VENB
100 _aVENKATARAM (Ta Pu).
_dವೆಂಕಟರಾಮ್ (ತ ಪು).
_9173494
245 _aBattida hu aralitu.
_bಬತ್ತಿದ ಹೂ ಅರಳಿತು.
260 _aBengaluru
_bPrakasha Sahitya
_c1971
300 _a166
690 _aKannada Fiction
_9173495
906 _a029698
942 _2ddc
_cBK
999 _c80908
_d80908